Antropología y estudios culturales: disputas y confluencias desde la periferia
Salvato in:
| Autore principale: | |
|---|---|
| Natura: | Libro |
| Lingua: | spagnolo |
| Pubblicazione: |
Buenos Aires
Siglo Veintiuno Editores
2012
|
| Edizione: | 1a. ed |
| Soggetti: | |
| Tags: |
Aggiungi Tag
Nessun Tag, puoi essere il primo ad aggiungerne!!
|
MARC
| LEADER | 00000cam a2200000 a 4500 | ||
|---|---|---|---|
| 001 | UCF3938 | ||
| 003 | CL-VaPUC | ||
| 008 | 121108e20120000AG |||||||||||||||||spa|d | ||
| 020 | |a 9789876292269 | ||
| 082 | 0 | 4 | |a 306 |b RES |2 21 |
| 100 | 0 | |a Restrepo, Eduardo |e author |9 565587 | |
| 245 | 1 | 0 | |a Antropología y estudios culturales: disputas y confluencias desde la periferia |
| 250 | |a 1a. ed | ||
| 300 | |a 240 p | ||
| 942 | |c BK | ||
| 945 | |d 20121108 00:00:00 |a dcastane | ||
| 260 | |a Buenos Aires |b Siglo Veintiuno Editores |c 2012 | ||
| 650 | 0 | |a Antropología cultural |9 269905 | |
| 650 | 0 | |a Estudios culturales |9 389320 | |
| 583 | |a last modification |c 20121130 09:23:21 |k Rodrigo Vera | ||
| 999 | |c 349974 |d 349972 | ||
| 952 | |0 0 |1 0 |4 0 |6 306_000000000000000_RES_2012 |7 0 |8 A |9 452874 |a BIBEDU |b BIBEDU |d 2019-11-22 |i 4922220 |o 306 RES 2012 |p 4922220 |r 2019-11-22 |w 2019-11-22 |y BK |k FIL | ||
| 952 | |0 0 |1 0 |4 0 |6 306_000000000000000_RES_2012 |7 0 |8 A |9 452875 |a BIBEDU |b BIBEDU |d 2019-11-22 |i 493136K |o 306 RES 2012 |p 493136K |r 2019-11-22 |w 2019-11-22 |y BK |k LIT | ||
| 952 | |0 0 |1 0 |3 erb |4 0 |6 306_000000000000000_RES_2012 |7 0 |8 A |9 452876 |a BIBING |b BIBING |i 5095727 |o 306 RES 2012 |p 5095727 |r 2025-01-20 |w 2019-11-22 |y BK |z Catalogado en:20140829 |k GEO | ||